|
|
|
|
| LEADER |
01514nam a2200349 4500 |
| 001 |
DLU170180687 |
| 005 |
##20170829 |
| 020 |
# |
# |
|a 9786047338528
|
| 040 |
# |
# |
|a DLU
|b vie
|
| 041 |
# |
# |
|a vie
|
| 044 |
# |
# |
|a vn
|
| 082 |
# |
# |
|a 346.048
|b Chi
|
| 245 |
# |
# |
|a Chỉ dẫn áp dụng các văn bản pháp luật về sở hữu trí tuệ :
|b Hệ thống hoá các văn bản pháp luật Việt Nam về sở hữu trí tuệ và chỉ dẫn áp dụng các văn bản pháp luật sở hữu trí tuệ /
|c Lê Thị Nam Giang chủ biên, ...[et al.]
|
| 260 |
# |
# |
|a Tp. Hồ Chí Minh :
|b Đại học Quốc gia,
|c 2016.
|
| 300 |
# |
# |
|a 694 tr. ;
|c 24 cm.
|
| 505 |
# |
# |
|a Phần thứ nhất. Những quy định chung -- Phần thứ hai. Quyền tác giả và quyền liên quan -- Phần thứ ba. Quyền sở hữu công nghiệp -- Phần thứ tư. Quyền đối với giống cây trồng -- Phần thứ năm. Bảo vệ quyền sở hữu trí tuệ -- Phần thứ sáu. Điều khoản thi hành.
|
| 650 |
# |
# |
|a Quyền sở hữu trí tuệ
|x Luật và pháp chế
|z Việt Nam.
|
| 700 |
# |
# |
|a Huỳnh Thanh Tịnh.
|
| 700 |
# |
# |
|a Lê Thị Nam Giang,
|c TS.
|e chủ biên.
|
| 700 |
# |
# |
|a Nguyễn Thị Hạnh Lê,
|c ThS.
|
| 700 |
# |
# |
|a Võ Đăng Phương Thảo.
|
| 923 |
# |
# |
|a 05/2016
|
| 991 |
# |
# |
|a SH
|
| 992 |
# |
# |
|a 179000
|
| 994 |
# |
# |
|a DLU
|
| 900 |
# |
# |
|a True
|
| 911 |
# |
# |
|a Nguyễn Thanh Hương
|
| 925 |
# |
# |
|a G
|
| 926 |
# |
# |
|a A
|
| 927 |
# |
# |
|a SH
|
| 980 |
# |
# |
|a Thư viện Trường Đại học Đà Lạt
|